Sujetos pasivos, liquidaciones de impuestos prescripción (Registro nro. 1865)
[ vista simple ]
| 000 -LEADER | |
|---|---|
| fixed length control field | 01678 a2200229 4500 |
| 001 - CONTROL NUMBER | |
| control field | 29440 |
| 005 - DATE AND TIME OF LATEST TRANSACTION | |
| control field | 20260407155604.0 |
| 008 - FIXED-LENGTH DATA ELEMENTS--GENERAL INFORMATION | |
| fixed length control field | 260407a1998 arg spa d |
| 003 - CONTROL NUMBER IDENTIFIER | |
| control field | AR-UNSa-BCEJYS |
| 040 ## - CATALOGING SOURCE | |
| Original cataloging agency | AR-UNSa-BCEJYS |
| Language of cataloging | spa |
| Transcribing agency | AR-UNSa-BCEJYS |
| 080 ## - UNIVERSAL DECIMAL CLASSIFICATION NUMBER | |
| Universal Decimal Classification number | 336.225 |
| Common auxiliary subdivision | Método de tributación y administración de impuestos |
| 041 ## - LANGUAGE CODE | |
| Language code of text/sound track or separate title | spa |
| 100 1# - MAIN ENTRY--PERSONAL NAME | |
| Personal name | Gómez, Teresa |
| 245 10 - TITLE STATEMENT | |
| Title | Sujetos pasivos, liquidaciones de impuestos prescripción |
| 250 ## - EDITION STATEMENT | |
| Edition statement | 2a. ed. |
| 264 #1 - PRODUCTION, PUBLICATION, DISTRIBUTION, MANUFACTURE, AND COPYRIGHT NOTICE | |
| Place of production, publication, distribution, manufacture | Buenos Aires : |
| Name of producer, publisher, distributor, manufacturer | Ediciones Nueva Técnica |
| Date of production, publication, distribution, manufacture, or copyright notice | 1998 |
| 300 ## - PHYSICAL DESCRIPTION | |
| Extent | 80 p. |
| Dimensions | 28 cm. |
| 505 ## - FORMATTED CONTENTS NOTE | |
| Formatted contents note | Modulo I: Sujetos pasivo de la obligación tributaria: 1. Teoría de la relación jurídico tributaria - 2. La obligación tributaria como núcleo del estudio científico del Derecho Tributario - 3. La proyección de los efectos de la gestión administrativa sobre la obligación tributaria - Modulo II: Liquidación y percepción de impuestos: 1. Declaracón jurada presentada por los sujetos pasivos - 2. Liquidación efectuada por el fisco - 3. Percepción de impuestos - Modulo III: Domicilio y términos: I Domicilio: 1. Domicilio - 2. Clasificación - II Términos: 1. Días Hábiles - 2. Plazos en días - 3. Plazos en horas - 4. Notificación en día inhábil - 5. Formas de notificación - Modulo IV: Prescripción: 1. Concepto - 2. Clases de prescripción - 3. Plazos de prescripción de las acciones y poderes del fisco - 4. Plazo de prescripción de la acción de repetición - 5. Iniciación de la prescripción - 6. Suspensión de la prescripción - 7. Interrupción de la prescripción |
| 590 ## - LOCAL NOTE (RLIN) | |
| Local note | niveau_biblio:m niveau_hierar:0 |
| 700 1# - ADDED ENTRY--PERSONAL NAME | |
| Personal name | Folco, Carlos Maria |
| 942 ## - ADDED ENTRY ELEMENTS (KOHA) | |
| Koha item type | |
| Withdrawn status | Lost status | Damaged status | Not for loan | Home library | Current library | Shelving location | Date acquired | Total checkouts | Full call number | Barcode | Date last seen | Price effective from | Koha item type |
|---|---|---|---|---|---|---|---|---|---|---|---|---|---|
| Biblioteca Prof. Eusebio Cleto del Rey | Biblioteca Prof. Eusebio Cleto del Rey | 07/04/2026 | 336.225 C392c v.2 2ed. | L85063 | 07/04/2026 | 07/04/2026 | Libro | ||||||
| Biblioteca Prof. Eusebio Cleto del Rey | Biblioteca Prof. Eusebio Cleto del Rey | 07/04/2026 | 336.225 C392c v.2 2ed. | L85064 | 07/04/2026 | 07/04/2026 | Libro |